|
|
|
|
| LEADER |
00000nam0a2200000 4500 |
| 001 |
317697 |
| 005 |
20231102003012.0 |
| 035 |
|
|
|a (RuTPU)RU\TPU\book\343165
|
| 090 |
|
|
|a 317697
|
| 100 |
|
|
|a 20160412d1965 m y0rusy50 ca
|
| 101 |
0 |
|
|a rus
|
| 102 |
|
|
|a RU
|
| 105 |
|
|
|a a z 000zb
|
| 200 |
1 |
|
|a " Броненосец Потемкин " Сергея Эйзенштейна
|f Р. Н. Юренев
|g Академия наук СССР (АН СССР), Институт истории искусств
|
| 210 |
|
|
|a Москва
|c Наука
|d 1965
|
| 215 |
|
|
|a 150 с.
|c ил.
|
| 600 |
|
1 |
|a Эйзенштейн
|g Сергей Михайлович
|b С. М.
|c российский кинорежиссер
|c теоретик кино
|c педагог
|f 1898-1948
|2 stltpush
|3 (RuTPU)RU\TPU\pers\1433
|
| 606 |
1 |
|
|a Кинематография
|2 stltpush
|3 (RuTPU)RU\TPU\subj\39488
|9 59564
|
| 610 |
1 |
|
|a кино
|
| 610 |
1 |
|
|a история
|
| 610 |
1 |
|
|a кинофильмы
|
| 610 |
1 |
|
|a броненосец Потемкин
|
| 610 |
1 |
|
|a постановка
|
| 610 |
1 |
|
|a художественные фильмы
|
| 610 |
1 |
|
|a режиссеры
|
| 610 |
1 |
|
|a актеры
|
| 610 |
1 |
|
|a СССР
|
| 610 |
1 |
|
|a Россия
|
| 675 |
|
|
|a 791.43
|v 4
|
| 700 |
|
1 |
|a Юренев
|b Р. Н.
|g Ростислав Николаевич
|
| 712 |
0 |
2 |
|a Академия наук СССР (АН СССР)
|b Институт истории искусств
|c (1944-1961)
|c (Москва)
|2 stltpush
|3 (RuTPU)RU\TPU\col\11815
|
| 801 |
|
1 |
|a RU
|b 63413507
|c 20160412
|
| 801 |
|
2 |
|a RU
|b 63413507
|c 20160519
|g RCR
|
| 942 |
|
|
|c BK
|